000
00301nam a22001337a 4500
008
181009b xxu||||| |||| 00| 0 eng d
020
_a
9780691036441
041
_a
eng
080
_a
321
100
_a
19
101
_a
SHP
245
_a
Cooperation among Democracies
_c
Kappen, Th.R
942
_2
udc
_c
BK
999
_c
49154
_d
49154